Activity based management improving processes and profitability /

Bibliographic Details
Main Author: Plowman, Brian.
Corporate Author: ProQuest (Firm)
Format: Electronic eBook
Language:English
Published: Aldershot, Hants, England ; Burlington, VT, USA : Gower, c2001.
Subjects:
Online Access:Click to View
LEADER 01251nam a22003494a 4500
001 EBC3002196
003 MiAaPQ
005 20200520144314.0
006 m o d |
007 cr cn|||||||||
008 010423s2001 enk s 001 0 eng
010 |z  2001033410 
020 |z 9780566089497 
020 |z 0566081458 (hardback) 
035 |a (MiAaPQ)EBC3002196 
035 |a (Au-PeEL)EBL3002196 
035 |a (CaPaEBR)ebr10046824 
035 |a (OCoLC)55663812 
040 |a MiAaPQ  |c MiAaPQ  |d MiAaPQ 
050 4 |a HF5686.C8  |b P5934 2001 
082 0 4 |a 658.15/54  |2 21 
100 1 |a Plowman, Brian. 
245 1 0 |a Activity based management  |h [electronic resource] :  |b improving processes and profitability /  |c Brian Plowman. 
260 |a Aldershot, Hants, England ;  |a Burlington, VT, USA :  |b Gower,  |c c2001. 
300 |a xvi, 228 p. 
500 |a Includes index. 
533 |a Electronic reproduction. Ann Arbor, MI : ProQuest, 2015. Available via World Wide Web. Access may be limited to ProQuest affiliated libraries. 
650 0 |a Activity-based costing. 
650 0 |a Management. 
655 4 |a Electronic books. 
710 2 |a ProQuest (Firm) 
856 4 0 |u https://ebookcentral.proquest.com/lib/matrademy/detail.action?docID=3002196  |z Click to View